000 00355nam a2200133Ia 4500
008 240624s9999 xx 000 0 und d
041 _aeng
082 _a629.47 BAL
100 _aBALACHANDRAN K
245 _aELEMENTS OF CONTROL THEORY
260 _c1999
_aNew Delhi
_bNarosa Publishing House Pvt. Ltd.
300 _a116 : p. : 22 : cm.
365 _cRS
_b30
999 _c12605
_d12605